A TEXT BOOK OF PHARMACEUTICAL ANALYSIS (Record no. 22962)

MARC details
000 -LEADER
fixed length control field 00357nam a22001577a 4500
003 - CONTROL NUMBER IDENTIFIER
control field SGT
020 ## - INTERNATIONAL STANDARD BOOK NUMBER
International Standard Book Number 9788185790084
082 ## - DEWEY DECIMAL CLASSIFICATION NUMBER
Classification number 615.19
Item number P19K
100 ## - MAIN ENTRY--PERSONAL NAME
Personal name KASTURE,A.V.
245 ## - TITLE STATEMENT
Title A TEXT BOOK OF PHARMACEUTICAL ANALYSIS
250 ## - EDITION STATEMENT
Edition statement 25TH
260 ## - PUBLICATION, DISTRIBUTION, ETC. (IMPRINT)
Place of publication, distribution, etc PUNE
Name of publisher, distributor, etc NIRALI PRAKASHAN
Year of Publication 2019
300 ## - PAGE DESCRIPTION
No. of Pages 28.6
650 ## - SUBJECT ADDED ENTRY--TOPICAL TERM
Topical term or geographic name as entry element PHARMA ANALYSIS
942 ## - ADDED ENTRY ELEMENTS (KOHA)
Source of classification or shelving scheme Dewey Decimal Classification
Koha item type Books
Holdings
Withdrawn status Lost status Source of classification or shelving scheme Damaged status Not for loan Collection code Home library Current library Shelving location Date acquired Vendor Name Cost, normal purchase price Volume Information (Serial or Books or Non-Book Material) SGTU Bill Number Total Checkouts Full call number Accession No. (Barcode) Date last seen Bill Date Koha item type
    Dewey Decimal Classification     PHARMACY SGT FA-FP Library SGT FA-FP Library Text Book 28/06/2022 AHUJA PUBLICATION 270.00 2 SGTU 14474   615.19 P19K FP4473 28/06/2022 19/05/2022 Books
    Dewey Decimal Classification     PHARMACY SGT FA-FP Library SGT FA-FP Library Text Book 28/06/2022 AHUJA PUBLICATION 270.00 2 SGTU 14474   615.19 P19K FP4474 28/06/2022 19/05/2022 Books
    Dewey Decimal Classification     PHARMACY SGT FA-FP Library SGT FA-FP Library Text Book 28/06/2022 AHUJA PUBLICATION 270.00 2 SGTU 14474   615.19 P19K FP4475 28/06/2022 19/05/2022 Books
    Dewey Decimal Classification     PHARMACY SGT FA-FP Library SGT FA-FP Library Text Book 28/06/2022 AHUJA PUBLICATION 270.00 2 SGTU 14474   615.19 P19K FP4476 28/06/2022 19/05/2022 Books
    Dewey Decimal Classification     PHARMACY SGT FA-FP Library SGT FA-FP Library Text Book 28/06/2022 AHUJA PUBLICATION 270.00 2 SGTU 14474   615.19 P19K FP4477 28/06/2022 19/05/2022 Books
    Dewey Decimal Classification     PHARMACY SGT FA-FP Library SGT FA-FP Library Text Book 28/06/2022 AHUJA PUBLICATION 270.00 2 SGTU 14474   615.19 P19K FP4478 28/06/2022 19/05/2022 Books
    Dewey Decimal Classification     PHARMACY SGT FA-FP Library SGT FA-FP Library Text Book 28/06/2022 AHUJA PUBLICATION 270.00 2 SGTU 14474   615.19 P19K FP4479 28/06/2022 19/05/2022 Books
    Dewey Decimal Classification     PHARMACY SGT FA-FP Library SGT FA-FP Library Text Book 28/06/2022 AHUJA PUBLICATION 270.00 2 SGTU 14474   615.19 P19K FP4480 28/06/2022 19/05/2022 Books
    Dewey Decimal Classification     PHARMACY SGT FA-FP Library SGT FA-FP Library Text Book 28/06/2022 AHUJA PUBLICATION 270.00 2 SGTU 14474   615.19 P19K FP4481 28/06/2022 19/05/2022 Books
    Dewey Decimal Classification     PHARMACY SGT FA-FP Library SGT FA-FP Library Text Book 28/06/2022 AHUJA PUBLICATION 270.00 2 SGTU 14474   615.19 P19K FP4482 28/06/2022 19/05/2022 Books